000 00251nam a2200097Ia 4500
001 777164
005 20250826165901.0
008 250824s9999 xx 000 0 und d
245 0 _aGENÇLERLE BAŞBAŞA
_cALİ FUAD BAŞGİL
260 _bKUBBEALTI YAYINLARI
999 _c777164
_d777164